000 00765nam a2200301Ia 4500
003 OSt
005 20220912151428.0
006 a|||||r|||| 00| 0
007 ta
008 220909b |||||||| |||| 00| 0 eng d
020 _a812040937X (pbk)
024 _a3166
037 _bShankar,
037 _cTextbook
040 _aCSL
_beng
_cCSL
041 _aeng
082 _aHZ, N5;1 TH
100 _aArogyaswamy R N P
245 0 _aCourses in mining geology
250 _a4
260 _aNew Delhi
_b Oxford IBH Publishing Co
_c1995
300 _a735p
500 _aIndex 727-735p.
_ccm.
650 _a Mining
650 _aGeology
942 _hHZ, N5;1 TH
_cTB
_2CC
999 _c68413
_d68413